Most Valuable English Goalkeepers Of All Time - Statistics

General Stats
  • This quiz has been taken 56 times
  • The average score is 14 of 75
Answer Stats
% Correct
1 Everton 2018 Jordan Pickford 24
98%
2 Arsenal 2023 Aaron Ramsdale 25
91%
3 Manchester City 2013 Joe Hart 25
91%
7 Newcastle United 2023 Nick Pope 31
91%
4 Manchester United 2021 Dean Henderson 24
74%
6 Burnley 2025 James Trafford 22
62%
24 Portsmouth 2008 David James 37
60%
5 Stoke City 2018 Jack Butland 25
57%
8 Southampton 2016 Fraser Forster 28
53%
18 Aston Villa 2019 Tom Heaton 33
45%
11 Saint-Étienne 2021 Etienne Green 21
43%
14 West Ham United 2009 Robert Green 29
43%
21 West Bromwich Albion 2011 Ben Foster 28
38%
10 West Bromwich Albion 2022 Sam Johnstone 29
38%
17 Liverpool 2008 Scott Carson 22
36%
13 Tottenham Hotspur 2006 Paul Robinson 26
30%
44 Belenenses 2015 Matt Jones 28
28%
31 Leicester City 2004 Ian Walker 32
26%
20 Wigan Athletic 2009 Chris Kirkland 28
21%
42 Norwich City 2016 Declan Rudd 25
21%
22 Norwich City 2013 John Ruddy 26
21%
57 West Bromwich Albion 2023 Alex Palmer 27
17%
9 Sunderland 2024 Anthony Patterson 24
17%
30 Newcastle United 2004 Steve Harper 29
17%
16 Southampton 2020 Alex McCarthy 30
15%
12 Newcastle United 2021 Freddie Woodman 24
15%
26 Brighton & Hove Albion 2023 Jason Steele 32
15%
48 Coventry City 2004 Luke Steele 20
15%
37 Sunderland 2006 Kelvin Davis 29
13%
27 Fulham 2018 Marcus Bettinelli 26
13%
19 Everton 2004 Richard Wright 26
13%
75 Blackburn Rovers 2013 Jake Kean 22
11%
15 Sheffield United 2024 Michael Cooper 25
11%
28 Cardiff City 2018 Alex Smithies 28
9%
73 Manchester United 2013 Ben Amos 23
9%
55 Peterborough United 2009 Joe Lewis 22
9%
65 Sheffield Wednesday 2009 Lee Grant 25
9%
34 Manchester City 2007 Nicky Weaver 28
9%
38 Middlesbrough 2009 Ross Turnbull 24
9%
49 West Bromwich Albion 2004 Russell Hoult 31
9%
33 Stoke City 2008 Steve Simonsen 29
9%
46 Manchester City 2009 Stuart Taylor 28
9%
68 Tottenham Hotspur 2021 Alfie Whiteman 22
6%
39 Sturm Graz 2023 Arthur Okonkwo 21
6%
58 Coventry City 2024 Bradley Collins 27
6%
25 Bristol City 2020 Daniel Bentley 27
6%
41 Fulham 2016 David Button 27
6%
23 Sheffield Wednesday 2024 James Beadle 19
6%
36 Stoke City 2020 Josef Bursik 20
6%
67 Swansea City 2023 Andy Fisher 25
4%
56 Blackburn Rovers 2024 Aynsley Pears 25
4%
32 Swansea City 2023 Carl Rushworth 22
4%
53 Ipswich Town 2025 Christian Walton 29
4%
29 Fulham 2012 David Stockdale 26
4%
70 Derby County 2012 Frank Fielding 24
4%
59 Oxford United 2024 Jamie Cumming 25
4%
43 Aston Villa 2019 Jed Steer 26
4%
51 West Bromwich Albion 2023 Josh Griffiths 21
4%
71 Hull City 2023 Matt Ingram 29
4%
45 Nottingham Forest 2004 Paul Gerrard 31
4%
69 Huddersfield Town 2021 Ryan Schofield 21
4%
60 Wigan Athletic 2024 Sam Tickle 22
4%
35 West Ham United 2004 Stephen Bywater 23
4%
54 Leicester City 2010 Chris Weale 28
2%
72 Cardiff City 2021 Dillon Phillips 26
2%
62 Birmingham City 2004 Ian Bennett 32
2%
66 Middlesbrough 2022 Joe Lumley 27
2%
50 Exeter City 2024 Joe Whitworth 20
2%
40 Norwich City 2013 Mark Bunn 28
2%
64 Wolverhampton Wanderers 2004 Michael Oakes 30
2%
52 København 2024 Nathan Trott 26
2%
63 Northampton Town 2004 Paul Rachubka 23
2%
74 Hull City 2023 Ryan Allsop 31
2%
61 Crystal Palace 2006 Scott Flinders 20
2%
47 Slough Town 2004 Shaun Allaway 21
2%
No matching quizzes found
Score Distribution
Percent of People with Each Score
Percentile by Number Answered
Your Score History
You have not taken this quiz